| 000 | 00300 a2200121 4500 | ||
|---|---|---|---|
| 001 | 66143 | ||
| 082 | _a004.21DEW | ||
| 090 |
_c38437 _d38437 |
||
| 100 | _aDewitz, Sandra | ||
| 245 | _aSystems analysis and design and the transition to objects | ||
| 260 |
_aNY _bMcGraw Hill _c1996 |
||
| 300 | _a557p. | ||
| 942 |
_aNUST-CAE _k004.21DEW |
||
| 999 |
_c301216 _d301216 |
||